000 00692nam a2200241Ia 4500
003 OSt
005 20220927105458.0
006 a|||||r|||| 00| 0
007 ta
008 220926b |||||||| |||| 00| 0 eng d
024 _a186886
037 _cReference Collections
040 _aRTL
_cRTL
_beng
041 _2eng
_aeng
082 _a"X9(F551).2.N37, G7.2"
245 0 _a"Evidence given before the coal mining committee,1937."
260 _aDelhi
_bGovt of India
_c1937
300 _a"ix,559p."
_ccm.
490 _vVol.2
500 _aAppendix :557-559p.
942 _h"X9(F551).2.N37, G7.2"
_cCC
999 _c692743
_d692743